| 000 | 00380nam a22001457a 4500 | ||
|---|---|---|---|
| 020 | _a9789381226216 | ||
| 082 |
_a631.521 _bRAJ/SE |
||
| 100 |
_aRaja,K _9911 |
||
| 100 |
_aSivasubramaniam,K _9912 |
||
| 100 |
_aGeetha,R _9913 |
||
| 245 | _aSeed Science and Technology: Questions and Answers | ||
| 260 |
_aDelhi _bSatish Serial Publishing House _c2012 |
||
| 300 | _a156 | ||
| 942 | _cBK | ||
| 999 |
_c14523 _d14523 |
||